000 00310nam a2200157Ia 4500
100 _aNair/Somanathan B
650 _aSolid state
942 _cBK
366 _f25
245 _aSolid state devices
260 _bprentice hall
_c2010
082 _bNAI
300 _a376
546 _aENGLISH
999 _c30219
_d30219